000 00287nam a22001097a 4500
008 170118b xxu||||| |||| 00| 0 eng d
020 _a0781733197
041 _aeng
080 _29TH
_a618.2
245 _aNURSING DIAGNOSIS APPLICATION TO CLINICAL PRACTICE
_cCARPENITO, L.J
942 _2udc
_cBK
999 _c3047
_d3047